[Event "Club Championships"]
[Site "Wellington Chess Club"]
[Date "2014.09.25"]
[Round "1"]
[White "Roberts, Michael"]
[Black "Farrington, Lawrence"]
[Result "1/2-1/2"]
[WhiteElo "1761"]
[BlackElo "1852"]

1. e4 e6 2. d4 d5 3. Nc3 Bb4 4. e5 c5 5. a3 Bxc3+ 6. bxc3 Qc7 7. Nf3 Ne7 8. Bd3
Nbc6 9. O-O Nf5 10. Bxf5 exf5 11. dxc5 Be6 12. Qe2 Na5 13. Be3 Nc4 14. Bd4 h6
15. a4 O-O 16. Nd2 Nxd2 17. Qxd2 Rac8 18. a5 a6 19. Rfb1 Bd7 20. Rb6 Bc6 21.
Re1 Rfe8 22. Re3 Qe7 23. Rf3 Qe6 24. Rb1 g5 25. Qd3 f4 26. h4 Kg7 27. Qd2 Rg8
28. Rd3 Kf8 29. hxg5 hxg5 30. Rh3 Qf5 31. Re1 Re8 32. Rh6 Re6 33. Rf6 Qh7 34.
Qd3 Qh5 35. Qh3 Qxh3 36. gxh3 Rh8 37. Kg2 Rh4 38. Rxe6 fxe6 39. Rh1 Ba4 40. Rb1
Bc6 41. Kf3 Kf7 42. Rh1 Kg6 43. Kg2 Kf5 44. f3 Kg6 45. Kf2 Kf7 46. Ke2 Ke7 47.
Kd1 Be8 48. Bf2 Rh6 49. Kd2 Bd7 50. Kd3 Bb5+ 51. Kd2 Kd7 52. Bd4 1/2-1/2

[Event "Club Championships"]
[Site "Wellington Chess Club"]
[Date "2014.09.25"]
[Round "1"]
[White "Sellen, Ian"]
[Black "Nyberg, Michael"]
[Result "1/2-1/2"]
[WhiteElo "2075"]
[BlackElo "2081"]

1. c4 c6 2. g3 Nf6 3. Bg2 g6 4. Nc3 Bg7 5. e3 d5 6. cxd5 cxd5 7. Nge2 O-O 8.
O-O Nc6 9. d4 b6 10. a3 a5 11. Qa4 Bd7 12. Qb3 a4 13. Nxa4 Nxd4 14. exd4 Bxa4
15. Qb4 Bc2 16. Be3 Rc8 17. Nc3 Rc4 18. Qb5 e6 19. Rfc1 Bd3 20. Bf1 Bxf1 21.
Kxf1 Ng4 22. b3 Rc8 23. Qe2 h5 24. h3 Nh6 25. Nb5 Qd7 26. Rxc8 Rxc8 27. Rc1
Rxc1+ 28. Bxc1 e5 29. Kg2 e4 30. a4 Nf5 31. Be3 Qe7 32. Qd2 Qf6 33. Bg5 Qc6 34.
Be3 {I offered a draw around here which was rejected} 34... Kh7 35. Qc3 Qf6 36.
Nc7 Ne7 37. Qd2 Qf3+ 38. Kh2 h4 39. g4 f5 $4 40. Ne6 Bf6 41. g5 Bg7 42. Qb4 $1
Nc6 43. Qd6 Nxd4 44. Bxd4 $4 (44. Nxd4 {and white will break through
eventually} 44... Qd1 (44... Bxd4 45. Bxd4 {leads to checkmate} ) 45. Qe7 Qa1
46. Ne6 Qe5+ 47. Kg2 Kh8 48. Qe8+ Kh7 49. Qf7 Kh8 50. Qxg6 f4 (50... Kg8 51.
Qe8+ Bf8 52. Qxf8+ Kh7 53. Qf7+ Kh8 54. Qe8+ Kh7 55. g6#) 51. Bxf4 Qc3 52. Qe8+
Kh7 53. g6#) 44... Bxd4 45. Qe7+ {There is no win here} 45... Kg8 46. Qf8+ Kh7
47. Qh6+ Kg8 48. Qxg6+ Kh8 49. Qe8+ Kh7 50. Nf8+ Kg7 51. Ne6+ Kh7 52. Qf7+ Kh8
53. Qf8+ Kh7 54. Qf7+ Kh8 55. Qf8+ 1/2-1/2

[Event "Club Championships"]
[Site "Wellington Chess Club"]
[Date "2014.09.25"]
[Round "1"]
[White "Sknar, Andrew"]
[Black "Bennett, Ezra"]
[Result "0-1"]
[WhiteElo "1039"]
[BlackElo "1236"]

1. e4 e5 2. Nf3 Nc6 3. Bb5 Nge7 4. Bxc6 Nxc6 5. O-O Bd6 6. Nc3 Qe7 7. Nd5 Qe6
8. d3 Nd4 9. Ng5 Qg6 10. b3 Bc5 11. Nxc7+ Kd8 12. Nxa8 h6 13. Nf3 h5 14. Nxd4
Bxd4 15. Rb1 h4 16. h3 d6 17. Qe2 Bxh3 18. Qf3 Bg4 19. Qxg4 Qxg4 20. Be3 h3 21.
g3 h2+ 22. Kh1 Qf3# 0-1

[Event "Club Championships"]
[Site "Wellington Chess Club"]
[Date "2014.09.25"]
[Round "1"]
[White "Wight, Joshua"]
[Black "Cunningham, Patrick"]
[Result "0-1"]
[WhiteElo "1204"]
[BlackElo "1734"]

1. e4 e5 2. Nf3 Nc6 3. Nc3 Nf6 4. Bb5 d6 5. d3 Be7 6. Bg5 O-O 7. Bxc6 bxc6 8.
Bxf6 Bxf6 9. h3 Rb8 10. b3 Bb7 11. O-O d5 12. Na4 Qd6 13. Re1 dxe4 14. dxe4 Qe7
15. Qe2 c5 16. Qe3 c4 17. Qxa7 cxb3 18. cxb3 Qb4 19. Qc5 Ba8 20. Qxb4 Rxb4 21.
Nc3 Re8 22. Rac1 h6 23. Rcd1 c5 24. Nd5 Bxd5 25. Rxd5 c4 26. bxc4 Rxc4 27. Re2
Rc1+ 28. Re1 Rec8 29. Kf1 R1c5 30. Rxc5 Rxc5 31. Ra1 Be7 32. a4 Ra5 33. Ke2 f6
34. Nd2 Bb4 35. Nc4 Rc5 36. Kd3 Rc8 37. a5 Rd8+ 38. Ke3 Rd4 39. a6 Rxc4 40. a7
Bc5+ 41. Kd3 Rd4+ 42. Kc2 Bxa7 43. Rxa7 Rxe4 44. Kd3 Rd4+ 45. Ke2 Kh7 46. g4
Kg6 47. Ke3 Rf4 48. f3 Rb4 49. h4 Kh7 50. h5 Rd4 51. Re7 Ra4 52. Rd7 Ra3+ 53.
Ke4 Ra1 54. Ke3 Re1+ 55. Kf2 Ra1 56. Ke2 Ra3 57. Kf2 Ra4 58. Ke3 Rf4 59. Ke2 e4
60. Ke3 Rxf3+ 61. Kxe4 Rf1 62. Rc7 Re1+ 63. Kf5 Rf1+ 64. Ke4 Rg1 65. Kf4 Re1
66. Rf7 Rf1+ 67. Ke4 Re1+ 68. Kf4 Kg8 69. Rb7 Re5 70. Rb8+ Kf7 71. Rb7+ Re7 72.
Rxe7+ Kxe7 73. Ke4 Ke6 74. Kf4 f5 75. gxf5+ Kf6 76. Kg4 Ke5 77. Kf3 Kxf5 78.
Kg3 Kg5 79. Kh3 Kxh5 80. Kg3 Kg5 81. Kh3 Kf4 82. Kg2 Kg4 83. Kh2 Kf3 84. Kh3 g5
85. Kh2 g4 86. Kg1 Kg3 87. Kh1 Kf2 88. Kh2 g3+ 89. Kh3 g2 90. Kh4 g1=Q 0-1

[Event "Club Championships"]
[Site "Wellington Chess Club"]
[Date "2014.09.25"]
[Round "1"]
[White "Wilkins, Mark"]
[Black "Nicholls, Alistair"]
[Result "1-0"]
[WhiteElo "1886"]
[BlackElo "1850"]

1. d4 d5 2. c4 e5 3. dxe5 d4 4. Nf3 Nc6 5. Bg5 Nge7 6. Nbd2 h6 7. Bh4 g5 8. Bg3
Ng6 9. Ne4 Bg7 10. Nf6+ Bxf6 11. exf6 Qxf6 12. Bxc7 g4 13. Nd2 Bf5 14. Qb3 Rc8
15. Qxb7 O-O 16. g3 Nge5 17. Bxe5 Qxe5 18. Qb5 Qf6 19. Bg2 d3 20. e3 Rfe8 21.
O-O Ne5 22. Rad1 Rb8 23. Qa4 Bd7 24. Qxa7 Rxb2 25. Kh1 Bc6 26. Qc5 Bxg2+ 27.
Kxg2 Rxd2 28. Rxd2 Nf3 29. Rxd3 Re5 30. Qc8+ Kh7 31. Qxg4 1-0

[Event "Club Championships"]
[Site "Wellington Chess Club"]
[Date "2014.10.02"]
[Round "2"]
[White "Farrington, Lawrence"]
[Black "Wilkins, Mark"]
[Result "1/2-1/2"]
[WhiteElo "1886"]
[BlackElo "1852"]

1. e4 c6 2. d4 d5 3. exd5 cxd5 4. c4 Nf6 5. Nc3 Nc6 6. Bg5 Be6 7. cxd5 Nxd5 8.
Nf3 g6 9. Bb5 Bg7 10. O-O Rc8 11. Qd2 O-O 12. Bh6 Qb6 13. Bxg7 Kxg7 14. Be2
Rfd8 15. Rfd1 Na5 16. Na4 Qb4 17. Nc5 Bf5 18. Rac1 Qxd2 19. Rxd2 b6 20. Nd3
Bxd3 21. Rxc8 Rxc8 22. Bxd3 Rc1+ 23. Bf1 Nc4 24. Re2 e6 25. g3 Nd6 26. Kg2 Nf5
27. b3 Rd1 28. a3 h5 29. h4 Rb1 30. b4 Ra1 31. b5 Rxa3 32. Re1 Ra4 33. Rc1 Nxd4
34. Nxd4 Rxd4 35. Ra1 Rd2 36. Kf3 Rc2 37. Rxa7 Rc1 38. Kg2 Rb1 39. Bc4 Rc1 40.
Bf1 Rc5 41. Rb7 Kf6 42. Kf3 Rc7 43. Rb8 Ke7 44. Ra8 Kd6 45. Ra1 Rc5 46. Ra6
Rc3+ 47. Kg2 Rc2 48. Kf3 Rc5 49. Kg2 Ke5 50. Ra7 Rc7 51. Ra6 Rb7 52. Ra1 f5 53.
Re1+ Kd6 54. Kh2 Ra7 55. Kg2 Ra5 56. Rc1 Ne7 57. Rd1+ Nd5 58. Rc1 Ra2 59. Kf3
Ra3+ 60. Kg2 Rc3 61. Ra1 e5 62. Ra8 f4 63. Rg8 Ne7 64. Rd8+ Kc7 65. Rf8 Rc2 66.
Kg1 Rd2 67. Rf7 Kd7 68. Rf8 Rc2 69. Rb8 Nd5 70. Rg8 Ne7 71. Rb8 Nc8 72. Ra8 Rc1
73. Kg2 Kc7 74. Ra4 Rd1 75. Rc4+ Kb7 76. Rc6 Rd6 77. Rc2 1/2-1/2

[Event "Club Championships"]
[Site "Wellington Chess Club"]
[Date "2014.10.02"]
[Round "2"]
[White "List, Robert"]
[Black "Barr, Nick"]
[Result "1-0"]
[WhiteElo "1724"]
[BlackElo "1482"]

1. e4 e6 2. d4 d5 3. e5 c5 4. c3 Nc6 5. Nf3 Nh6 6. Bd3 cxd4 7. cxd4 f6 8. Bxh6
gxh6 9. Qc2 Qc7 10. exf6 Qf4 11. Bxh7 Qxf6 12. Bg6+ Kd8 13. Nbd2 Nxd4 14. Nxd4
Qe5+ 15. Ne2 Bd7 16. Qc3 d4 17. Qxd4 Qxd4 18. Nxd4 Bc5 19. N2b3 Bb4+ 20. Nd2
Rc8 21. a3 Ba5 22. b4 Bb6 23. N4f3 Rg8 24. Nh4 Bd4 25. Rb1 Bb5 26. Be4 Rf8 27.
Nhf3 Bh8 28. a4 Bxa4 29. O-O Bb5 30. Rfc1 Rxc1+ 31. Rxc1 b6 32. Bc6 Bd3 33. Ne4
Bb2 34. Rd1 Kc7 35. Rxd3 Kxc6 36. Rb3 Bh8 37. Ra3 Bb2 38. Ra2 Rd8 39. g3 Bh8
40. Rxa7 Rd3 41. Kg2 Kb5 42. Rh7 Ba1 43. Rxh6 e5 44. Rh5 Rd5 45. Rh6 Kxb4 46.
Rxb6+ Ka5 47. Rd6 Rb5 48. h4 Bb2 49. h5 Bd4 50. h6 Rb2 51. Nxe5 Rb5 52. Nc4+
1-0

[Event "Club Championships"]
[Site "Wellington Chess Club"]
[Date "2014.10.02"]
[Round "2"]
[White "Nicholls, Alistair"]
[Black "Aldridge, Alan"]
[Result "0-1"]
[WhiteElo "1850"]
[BlackElo "1951"]

1. e4 d5 2. exd5 Qxd5 3. Nc3 Qd8 4. d4 Nf6 5. Nf3 Bg4 6. Bc4 e6 7. h3 Bh5 8. g4
Bg6 9. Bf4 Bb4 10. O-O c6 11. Ne5 Nbd7 12. Qe2 Nxe5 13. Bxe5 O-O 14. Rad1 Bxc3
15. bxc3 Ne4 16. Qf3 Qa5 17. Rd3 Ng5 18. Qe3 Bxd3 19. Bxd3 f6 20. Bf4 Rae8 21.
h4 Nf7 22. Qh3 e5 23. Be3 exd4 24. cxd4 Nd6 25. c4 Qxa2 26. g5 Nxc4 27. Qf5 g6
28. Qd7 Nxe3 29. gxf6 Qf7 0-1

[Event "Club Championships"]
[Site "Wellington Chess Club"]
[Date "2014.10.02"]
[Round "2"]
[White "Perry, Roger"]
[Black "Sellen, Ian"]
[Result "1-0"]
[WhiteElo "2098"]
[BlackElo "2075"]

1. e4 e6 2. d4 d5 3. e5 c5 4. c3 Qb6 5. Nf3 Bd7 6. a3 Bb5 7. b4 cxb4 8. Bxb5+
Qxb5 9. cxb4 Nd7 10. Nc3 Qc4 11. Bb2 Be7 12. Rc1 Nh6 13. Na4 Qb5 14. Nc5 Nxc5
15. dxc5 Qd7 16. O-O O-O 17. Nd4 Rac8 18. Qe2 a6 19. Rfe1 Rfe8 20. Rc3 f5 21.
f4 g6 22. Rec1 Bf8 23. c6 bxc6 24. Qxa6 c5 25. bxc5 Ra8 26. c6 1-0

[Event "Club Championships"]
[Site "Wellington Chess Club"]
[Date "2014.10.02"]
[Round "2"]
[White "Rossiter, Philip"]
[Black "Roberts, Michael"]
[Result "1/2-1/2"]
[WhiteElo "1922"]
[BlackElo "1761"]

1. c4 b6 2. d4 Bb7 3. Nc3 e6 4. Qc2 Nf6 5. e4 d5 6. e5 Ne4 7. Nf3 c5 8. cxd5
exd5 9. Bb5+ Nd7 10. Be3 a6 11. Bxd7+ Qxd7 12. O-O Be7 13. Rfd1 Nxc3 14. bxc3
O-O 15. Rab1 Qc7 16. Bg5 f6 17. Be3 c4 18. Qe2 Bc8 19. Re1 Bf5 20. Rbd1 Rad8
21. Qd2 Be4 22. exf6 Bxf6 23. Bf4 Qf7 24. Ng5 Bxg5 25. Bxg5 h6 26. f3 hxg5 27.
fxe4 dxe4 28. Rf1 Qe7 29. Qe3 b5 30. d5 Qd6 31. Rxf8+ Rxf8 32. Qxe4 Qc5+
1/2-1/2

[Event "Club Championships"]
[Site "Wellington Chess Club"]
[Date "2014.10.02"]
[Round "2"]
[White "Scarlett, William"]
[Black "Baker, Jack"]
[Result "0-1"]
[WhiteElo "1255"]
[BlackElo "1396"]

1. e4 e5 2. Nf3 Nc6 3. Bb5 Nd4 4. Nxd4 exd4 5. c3 Qg5 6. Bf1 d3 7. Qf3 Bc5 8.
Bxd3 Nf6 9. Bc2 Qg4 10. Qxg4 Nxg4 11. d4 Be7 12. e5 d6 13. h3 Nh6 14. Bxh6 gxh6
15. Ba4+ Bd7 16. Bxd7+ Kxd7 17. O-O dxe5 18. dxe5 Rae8 19. Nd2 Bg5 20. Nf3 Rhg8
21. Rad1+ Kc8 22. Rfe1 b6 23. h4 Be7 24. e6 Ref8 25. Re2 fxe6 26. Rxe6 Bc5 27.
Rxh6 Rxf3 28. Rd2 Rfg3 29. Rxh7 Rxg2+ 30. Kf1 Be3 31. fxe3 Rxd2 32. Ke1 Rxb2
33. Rf7 Rgg2 34. Kf1 Rgc2 35. Kg1 Rc1+ 36. Rf1 Rcc2 37. Rf8+ Kb7 38. h5 Rc1+
39. Rf1 Rcc2 40. Rd1 Rg2+ 41. Kh1 Rh2+ 42. Kg1 Rxh5 43. e4 Rxa2 44. Re1 Raa5
45. Kg2 Rh8 46. e5 Rf8 47. e6 Rg5+ 0-1

[Event "Club Championships"]
[Site "Wellington Chess Club"]
[Date "2014.10.02"]
[Round "2"]
[White "Timergazi, Layla"]
[Black "Stone, Andrew"]
[Result "1-0"]
[WhiteElo "2071"]
[BlackElo "2058"]

1. e4 a6 2. d4 b5 3. Be3 Bb7 4. d5 Nf6 5. f3 e6 6. c4 bxc4 7. dxe6 fxe6 8. Bxc4
Nc6 9. Ne2 Bb4+ 10. Nbc3 O-O 11. O-O Ne5 12. Bb3 Qe7 13. a3 Bc5 14. Bxc5 Qxc5+
15. Qd4 Qxd4+ 16. Nxd4 c5 17. Nc2 d5 18. exd5 exd5 19. Rad1 Rad8 20. Rfe1 Ng6
21. Na4 c4 22. Ba2 Bc8 23. Nb4 Bf5 24. g4 Nh4 25. gxf5 Nxf3+ 26. Kg2 Nxe1+ 27.
Rxe1 Ne4 28. Nxd5 Nd2 29. Nab6 Kh8 30. Re2 Nb3 31. Re5 Nd4 32. Ne3 Nc6 33. Rd5
Rxd5 34. Nbxd5 Nd4 35. Bxc4 Nxf5 36. Bxa6 Nd6 37. Bd3 Nf7 38. b4 Ra8 39. Nc4
Rd8 40. Ncb6 g5 41. a4 Ne5 42. Bb5 Nf7 43. a5 Nd6 44. Bc6 Rf8 45. a6 Ne4 46. a7
Rf2+ 47. Kg1 1-0

[Event "Club Championships"]
[Site "Wellington Chess Club"]
[Date "2014.10.02"]
[Round "3"]
[White "Jackson, Ross"]
[Black "Brockway, Andrew"]
[Result "1/2-1/2"]
[WhiteElo "1949"]
[BlackElo "1784"]

{fa} 1. d4 Nf6 2. c4 e6 3. Nc3 Bb4 4. e3 b6 5. Bd3 Bb7 6. Nf3 O-O 7. O-O Bxc3
8. bxc3 d6 9. Re1 Nbd7 10. e4 e5 11. Nd2 Re8 12. f3 Nf8 13. Nf1 Ng6 14. g3 Qd7
15. Ne3 Ne7 16. Bf1 Rf8 17. Nd5 Nfxd5 18. exd5 Ng6 19. dxe5 Nxe5 20. f4 Ng6 21.
Be3 Rae8 22. Bd3 f6 23. Qh5 Qf7 24. Qf3 Re7 25. Bf5 Bc8 26. Bd3 Rfe8 27. Bd2
Rxe1+ 28. Rxe1 Rxe1+ 29. Bxe1 Qe7 30. Bd2 Bd7 31. h4 Nh8 32. Kf2 Nf7 33. Qh5
Nh6 34. Qf3 Bg4 35. Qh1 f5 36. Be3 Kf8 1/2-1/2

[Event "Club Championships"]
[Site "Wellington Chess Club"]
[Date "2014.10.09"]
[Round "3"]
[White "Aldridge, Alan"]
[Black "Farrington, Lawrence"]
[Result "1-0"]
[WhiteElo "1951"]
[BlackElo "1852"]

1. d4 d5 2. c4 Nc6 3. Nf3 Bg4 4. e3 e5 5. dxe5 Bxf3 6. Qxf3 d4 7. Bd2 Bc5 8. e6
Qe7 9. Qxf7+ Qxf7 10. exf7+ Kxf7 11. Be2 Nf6 12. Bf3 dxe3 13. Bxe3 Bxe3 14.
fxe3 Nb4 15. Na3 c6 16. O-O Rad8 17. Rf2 Rhe8 18. e4 Kg8 19. Re2 Re5 20. Nc2
Nxc2 21. Rxc2 Rd4 22. Re1 Kf8 23. b3 Ke7 24. a3 a5 25. Rc3 Nd7 26. Rce3 Nf6 27.
h3 h5 28. Rd1 Rxd1+ 29. Bxd1 g5 30. Bc2 Kd6 31. b4 axb4 32. axb4 Kc7 33. Kf2 g4
34. Kg3 Re8 35. e5 gxh3 36. gxh3 Nd7 37. e6 Nf6 38. Kh4 Kd6 39. Bf5 Re7 40. Kg5
Ne8 41. Kxh5 Ng7+ 42. Kg6 Nxf5 43. Kxf5 Kc7 44. Kf6 Kd8 45. Rd3+ Ke8 46. Rd7
Rxd7 47. exd7+ Kxd7 48. h4 1-0

[Event "Club Championships"]
[Site "Wellington Chess Club"]
[Date "2014.10.09"]
[Round "3"]
[White "Asplet, Mike"]
[Black "Lamerton, Troy"]
[Result "0-1"]
[WhiteElo "1511"]
[BlackElo "1731"]

1. e4 e6 2. d4 d5 3. e5 c5 4. c3 Nc6 5. Nf3 a6 6. Be2 Qc7 7. Be3 cxd4 8. Bxd4
Nge7 9. O-O Ng6 10. Re1 Bd7 11. Bd3 Nf4 12. Bc2 Ne7 13. Nbd2 Bb5 14. Nf1 Bxf1
15. Rxf1 Nc6 16. Rc1 Nxd4 17. cxd4 Qa5 18. g3 Ng6 19. a3 b5 20. Bb3 Qb6 21. Qd2
Be7 22. Rc2 O-O 23. Rfc1 Bd8 24. Rc6 Qa7 25. a4 Ne7 26. R6c2 bxa4 27. Bxa4 Bb6
28. Qb4 Nf5 29. Rc6 Bxd4 30. Nxd4 Qxd4 31. Rxa6 Qxb4 0-1

[Event "Club Championships"]
[Site "Wellington Chess Club"]
[Date "2014.10.09"]
[Round "3"]
[White "Baker, Jack"]
[Black "Meravanage, Satwik"]
[Result "1-0"]
[WhiteElo "1396"]
[BlackElo "1238"]

1. d4 d5 2. Bg5 g6 3. Nc3 Bg7 4. e3 Nf6 5. Nf3 O-O 6. Bd3 Nc6 7. O-O e6 8. Ne5
Bd7 9. Qf3 h6 10. Bxf6 Bxf6 11. Nxd7 1-0

[Event "Club Championships"]
[Site "Wellington Chess Club"]
[Date "2014.10.09"]
[Round "3"]
[White "Barr, Nick"]
[Black "Cunningham, Patrick"]
[Result "0-1"]
[WhiteElo "1482"]
[BlackElo "1734"]

1. d4 Nf6 2. c4 e6 3. Nc3 Bb4 4. Bg5 h6 5. Bh4 g5 6. Bg3 Ne4 7. Qc2 Nxg3 8.
hxg3 Qf6 9. Nf3 Nc6 10. e3 d5 11. c5 Bd7 12. O-O-O Bxc3 13. Qxc3 O-O-O 14. Be2
g4 15. Nh4 Qxf2 16. Bxg4 Qxg3 17. Bh5 Be8 18. Rdf1 f5 19. Bd1 Bd7 20. Rh3 Qg5
21. Qd2 Rdg8 22. Rf2 Be8 23. Nf3 Qe7 24. Ba4 Nb8 25. Bb3 Nc6 26. Qe1 h5 27. Re2
Bf7 28. Ba4 Be8 29. Bxc6 Bxc6 30. Ne5 Qe8 31. Qa5 a6 32. g3 h4 33. Rxh4 Rxh4
34. gxh4 Rg1+ 35. Re1 Rg2 36. Rh1 Bb5 37. Qc3 Qh5 38. c6 b6 39. Qb4 Qe8 40. Qc3
Qg8 41. h5 Rg1+ 42. Rxg1 Qxg1+ 43. Kc2 Qh2+ 44. Kb3 Qxh5 45. Qb4 Qe8 46. Qc3 a5
47. a4 Be2 48. Qe1 Qh5 49. Qg3 Bd1+ 50. Kc3 Bg4 51. Qg1 Kd8 52. b4 axb4+ 53.
Kxb4 Ke7 54. a5 bxa5+ 55. Kxa5 Qe8 56. Kb4 Qb8+ 57. Kc3 Qg8 58. Qa1 Kf6 59. Qa7
Qd8 60. Nd7+ Kg5 61. Nc5 Qd6 62. Qb7 e5 63. Na6 exd4+ 64. exd4 Qa3+ 65. Kd2
Qa2+ 66. Kc3 Qc4+ 67. Kb2 Qxd4+ 68. Ka3 Qa1+ 69. Kb4 Qd4+ 70. Ka5 Qa1+ 71. Kb4
Qd4+ 72. Ka3 Qc3+ 73. Ka2 Qa5+ 74. Kb2 d4 75. Nxc7 Qc3+ 76. Ka2 f4 77. Qb5+ Bf5
78. Qd5 Qc2+ 79. Ka3 Qc3+ 80. Ka2 Kg4 81. Qg2+ Qg3 82. Qe2+ f3 83. Qc4 Qxc7 84.
Qxd4+ Qf4 85. Qg1+ Qg3 86. Qd4+ Kh3 87. Qh8+ Kg2 88. Qb2+ Qf2 0-1

[Event "Club Championships"]
[Site "Wellington Chess Club"]
[Date "2014.10.09"]
[Round "3"]
[White "Dive, Russell"]
[Black "Croad, Nicolas"]
[Result "1-0"]
[WhiteElo "2440"]
[BlackElo "2368"]

1. Nf3 Nf6 2. c4 e6 3. g3 d5 4. Bg2 Be7 5. O-O O-O 6. b3 a5 7. Nc3 d4 8. Nb5
Nc6 9. e3 e5 10. exd4 e4 11. Ng5 Nxd4 12. Nxe4 Nxb5 13. cxb5 Nxe4 14. Bxe4 Qd4
15. Qc2 Qxa1 16. Bxh7+ Kh8 17. Bb2 Qxf1+ 18. Kxf1 Bh3+ 19. Kg1 f5 20. Bg6 Rad8
21. Be5 Rd5 22. d4 Rfd8 23. Bf7 1-0

[Event "Club Championships"]
[Site "Wellington Chess Club"]
[Date "2014.10.09"]
[Round "3"]
[White "Forster, Bill"]
[Black "Perry, Roger"]
[Result "1-0"]
[WhiteElo "2081"]
[BlackElo "2098"]

{Another day, another chess game. I'd actually spent 5 minutes more time than
usual preparing. In other words I'd spent 5 minutes. But I thought I was Black.
Oh well, never mind, what to do?} 1. Nf3 {I have found myself playing this
first move more than any other, basically because playing it is a non-decision.
Let's just develop something!} 1... c5 {Roger signals that he expects some kind
of a subtle positional English/Reti type struggle.} 2. b4 $6 {Played on a
complete whim I don't even know if this is a move} 2... cxb4 {Well yes, to be
honest I'd hardly considered this response, thinking that White could then
maybe play some kind of Benko Gambit (or something) with a move in hand} 3. a3
{I'll try the Benko idea} 3... e6 {At this stage I changed tack completely.
Against Arthur Pomeroy I recently had a bad experience that started 1.Nf3 c5
2.e4 d6 3.b4??! (a similar over the board inspiration - a delayed Sicilian Wing
Gambit) 3...Nf6! and I had no convenient way to defend e4, and spent the rest
of the game grovelling for a draw. Remembering that ugly episode in my chess
praxis, I decided that ...e6 meant I could instead go for a French Wing Gambit,
not allowing Black to develop comfortably with ...Nf6. (The French Wing Gambit
normally starts as 1.e4 e6 2.Nf3 d5 3.e5 c5 4.b4?! ).} 4. e4 d5 5. e5 Nc6 6.
axb4 Bxb4 7. Ba3 Nge7 8. c3 Bxa3 9. Nxa3 {This is the basic structural idea of
the French Wing Gambit. It's a bit like an advance French, but Black doesn't
have a c5 pawn to pressure d4. } 9... a6 {I didn't immediately understand this
move, since it doesn't stop me playing Nb5 with the idea of Nd6} 10. d4
{#Diagram Played reluctantly but}  ( {After} 10. Nb5 O-O 11. d4 (11. Nd6 $2
Nxe5 $1) 11... Nf5 12. Bd3 Bd7 {I don't get to d6 after all} ) 10... Bd7 $1
{Damn, there's another potential source of pleasure cut off, as Basil Fawlty
would say.. No Nb5 for me.} 11. Bd3 b5 $1 {Now I understand 9...a6, Black is
going to play ...b4 at some stage and undermine my structure} 12. Ng5 $2 {Too
hasty. This signals that White is not a natural attacking player. Skilful
gambiteers know not to rush, that the initiative conferred by a good gambit
lasts a long time.}  (12. Nc2 { restrains Black with a view to a more
controlled kingside build-up} ) 12... h6 13. Qh5 g6 14. Qh3 Nf5 15. f4
{#Diagram} 15... b4 $1 {I'd sort of forgotten that Black has this available,
imagining that I had time to castle and play g4 in peace.} 16. Nc2 {Oh well
clearly I am going to have to sacrifice (i.e. lose) more material.} 16... bxc3
17. O-O Ncxd4 18. Nxd4 Nxd4 19. g4 {#Diagram My one and only idea is to play
Nxf7 and then open all lines with f5} 19... Qc7 {For a moment I was excited a)
I can play f5 without sacrificing/losing my knight and b) maybe Black is
preparing to castle queenside! Then I can switch over starting with Bxa6 check
followed by a devastating attack down the open a and b files. But then I saw
the subtle point of Roger's move... } 20. Nxf7 $2 ( {After} 20. f5 Qxe5 21.
Rae1 $2 {black has the devastating} 21... hxg5 $1 {However if I play something
else at move 21, this would have been better than my Neanderthal move} ) 20...
Kxf7 21. f5 {This is the whole point of my play - I have sacrificed/lost a
bunch of stuff -will this breakthrough be sufficiently devastating to justify
it? Of course objectively the answer is no - Houdini is saying -6 now, i.e.
White has zero compensation!} 21... exf5 {I hadn't even calculated correctly
the answer to the basic question of what happens if Black just decides to
capture repeatedly on f5. While it's true I have four defenders to match his
four attackers - unfortunately my 3rd and 4th defenders are a rook and a queen
whilst his 3rd and 4th attackers are a knight and a bishop. Instead of winning
material or at least coming out even this means I am going to lose another
exchange!} 22. gxf5 Nxf5 23. Bxf5 Bxf5 24. Rxf5+ gxf5 {#Diagram Part way
through the exchanging sequence (i.e. later than a good player) I realised what
was happening, but I decided there is still hope - A queen and a rook
constitute a devastating attacking force against a naked king. Black still has
a storm to weather.} 25. e6+ {Seeking even more nakedness.}  ( {I rejected} 25.
Qxf5+ {because of} 25... Ke8 {and I couldn't see a good follow up}  ( {but in
the post mortem Roger immediately revealed that even after} 25... Kg8 {my
intended} 26. Kh1 {fails to} 26... Rh7 $1) ) 25... Kxe6 {After the game Andrew
Stone pointed out this is unnecessarily greedy. Houdini remains completely
unconcerned however.} 26. Re1+ Kd6 27. Qg3+ {Now however Black has only one
move available to squelch the attack, and it's the far from obvious 27...f4!!}
27... Kc6 $2 {Understandable, given that Roger was basically out of time}  (
27... f4 $3) 28. Qxc3+ Kd6 $2 {After this it's over.}  ( {Black can still stay
alive but only with the counter-intuitive} 28... Kb7 29. Rb1+ Qb6+ $3 30. Rxb6+
Kxb6 {with a likely draw due to Black's continuing exposure and lack of
co-ordination} ) 29. Qf6+ {#Diagram It's a horrible feeling when a move like
this arrives on the board. I seem to have spent half my life at Wellington
Chess Club being ripped to shreds by natural attacking players like Mark van
der Hoorn and Gavin Marner even whilst enjoying a nominal material advantage. I
know exactly what it feels like. Still it was nice to dish it out for once.}
29... Kd7 30. Re7+ Kd8 31. Rh7+ Kc8 32. Qxh8+ Qd8 33. Qxd8+ ( {It's a pity I
missed} 33. Qc3+ {and a quick mate, but with Black's extra pawns isolated and
not far advanced an extra rook is amply sufficient} ) 33... Kxd8 34. Rh8+ 1-0